| 000 | 00823nas a2200265 4500 | ||
|---|---|---|---|
| 001 | BR9601421 | ||
| 003 | BR-BrBNA | ||
| 005 | 20231205095721.0 | ||
| 007 | ta | ||
| 008 | 230509b bl.|||p| |||| 00| 00por d | ||
| 040 |
_aBR-BrBNA _bpor _cBiblioteca Nacional de Agricultura |
||
| 041 | _a(Pt) | ||
| 072 | _aL10 | ||
| 100 | 1 | _aSouza, P.A. de | |
| 100 | 1 | _aSouza, H.B.B. de | |
| 100 | 1 | _aCampos, F.P. de | |
| 100 | 1 | _aBrognoni, E. | |
| 245 | 1 | _aDesempenho e caracteristicas de carcaca de diferentes linhagens comerciais de frango de corte | |
| 650 | _aFrango de Corte | ||
| 650 | _aLinhagem | ||
| 650 | _aCarcaca | ||
| 773 | 0 |
_tRevista da Sociedade Brasileira de Zootecnia (Brazil) _xISSN 0100-4859 _g(Sep-Oct 1994), v. 23(5) p. 782 _wBR9601421 |
|
| 909 |
_a202311 _bLúcia _c55 _dLúcia Elande |
||
| 942 |
_2AGRIS _n0 _cANA |
||
| 999 |
_c152327 _d152327 |
||